Sustainability with profit (Record no. 72956)

MARC details
000 -LEADER
fixed length control field 01336cam a2200205 4500
001 - CONTROL NUMBER
control field WB3925-02
008 - FIXED-LENGTH DATA ELEMENTS--GENERAL INFORMATION
fixed length control field 030701n2003 000 0 eng u
035 ## - SYSTEM CONTROL NUMBER
System control number (Sirsi) u122821
245 ## - TITLE STATEMENT
Title Sustainability with profit
260 ## - PUBLICATION, DISTRIBUTION, ETC.
Date of publication, distribution, etc. 2003
490 ## - SERIES STATEMENT
Series statement RICS Quantity Surveying and Construction Faculty News
Volume/sequential designation 25 June 2003 (1)
520 ## - SUMMARY, ETC.
Summary, etc. The protection of the environment and the pursuit of sustainable development are amongst the greatest challenges facing construction clients and knowing enough to ask professional advisors and project teams the right questions is becoming increasingly important. To address these issues the Construction Industry Council (CIC) has published two new client guides in their sustainable development series, βConstructing for sustainability: a guide for clients and their professional advisorsγ and βBrownfields - building on previously developed landγ. Further information available at www.cic.org.uk/information/Publications/sustain.htm. Both guides are available from RICS Books*. www.rics.org/ricscms/bin/show?class=News&template=/includes/shownews.html&id=6219
590 ## - LOCAL NOTE (RLIN)
Local note WB
650 ## - SUBJECT ADDED ENTRY--TOPICAL TERM
Topical term or geographic name entry element SUSTAINABLE DEVELOPMENT
650 ## - SUBJECT ADDED ENTRY--TOPICAL TERM
Topical term or geographic name entry element CLIENT NEEDS
650 ## - SUBJECT ADDED ENTRY--TOPICAL TERM
Topical term or geographic name entry element BROWNFIELD DEVELOPMENT
650 ## - SUBJECT ADDED ENTRY--TOPICAL TERM
Topical term or geographic name entry element SUSTAINABLE CONSTRUCTION
690 ## - LOCAL SUBJECT ADDED ENTRY--TOPICAL TERM (OCLC, RLIN)
Topical term or geographic name as entry element BUILDING AND CONSTRUCTION-SUSTAINABLE
942 ## - ADDED ENTRY ELEMENTS (KOHA)
Suppress in OPAC 0
Holdings
Withdrawn status Lost status Source of classification or shelving scheme Damaged status Not for loan Home library Current library Shelving location Date acquired Total Checkouts Full call number Barcode Date last seen Copy number Price effective from Koha item type
    Dewey Decimal Classification     London London News article 01/07/2003   WB3925-02 122821-1001 06/08/2019 1 06/08/2019 News article